Catholic University of Zimbabwe Library
Online Public Access Catalogue
(OPAC)

Crossing the Zambezi (Record no. 12193)

MARC details
000 -LEADER
fixed length control field 00446 a2200133 4500
245 ## - TITLE STATEMENT
Title Crossing the Zambezi
Remainder of title : the politics of landscape on a Central African frontier
Medium print
020 ## - INTERNATIONAL STANDARD BOOK NUMBER
International Standard Book Number 9781847014023 (hbk.
650 ## - SUBJECT ADDED ENTRY--TOPICAL TERM
Topical term or geographic name entry element POLITICS
260 ## - PUBLICATION, DISTRIBUTION, ETC.
Place of publication, distribution, etc. enk
Name of publisher, distributor, etc. James Currey
Date of publication, distribution, etc. 2009
084 ## -
-- DT1190.Z36 M34 2009
300 ## - PHYSICAL DESCRIPTION
Extent x, 237 p. : ill., maps
Other physical details 25 cm.
Dimensions x, 237 p. : ill., maps ; 25 cm.
500 ## - GENERAL NOTE
General note JoAnn McGregor.

No items available.

OPENING HOURS

Weekdays: 0815hrs - 1800hrs
Weekends:0900hrs - 1200hrs

Closed for Mass:

Mon, Thur: 1200hrs - 1300hrs
Sunday & Public Holiday’s

CALL SUPPORT

0242-570570, 0242-570169
09200664, +263 8644140602

LOCATION

18443, Cranborne Avenue, Hatfield, Harare

Other Links


©2021 | CUZ Library